Aspects of modern drama /

Bibliographic Details
Main Author: Chandler, Frank Wadleigh, 1873-1947
Format: Book
Language:English
Published: [New York] : The Macmillan company, 1914.
Subjects:

MARC

Tag First Indicator Second Indicator Subfields
LEADER 00000cam a2200000 4500
001 in00000032627
005 20151007061824.0
008 720612s1914 nyu b 00010 eng u
010 |a  14022316  
035 |a (OCoLC)00330298 
035 |9 AAD3177AM 
040 |c WSU  |d TXA  |d UtOrBLW 
049 |a TXAM  |c [420697] 
050 0 |a PN1851  |b .C45 
092 |a 808.2  |b C455a 
100 1 |a Chandler, Frank Wadleigh,  |d 1873-1947. 
245 1 0 |a Aspects of modern drama /  |c by Frank Wadleigh Chandler ... 
264 1 |a [New York] :  |b The Macmillan company,  |c 1914. 
300 |a viii pages, 1 ., 494 pages ;  |c 21 cm. 
336 |a text  |b txt  |2 rdacontent 
337 |a unmediated  |b n  |2 rdamedia 
338 |a volume  |b nc  |2 rdacarrier 
504 |a "Bibliographical appendix": pages 423-479. 
650 0 |a Drama  |y 19th century  |x History and criticism. 
650 0 |a Drama  |y 20th century  |x History and criticism. 
999 |a MARS 
999 f f |s 29b51b95-65c1-3928-8c1b-d44e30778520  |i 631aa342-4040-3aa4-828b-48624237d381  |t 0 
952 f f |p ric  |a Texas A&M University  |b Rellis Campus  |c Joint Library Facility  |d Remote Storage  |t 0  |e PN1851 .C45  |h Library of Congress classification  |i unmediated -- volume  |m A14801197344 
998 f f |a PN1851 .C45  |t 0  |l Remote Storage